The use of intellectual capital information by sell-side analysts in company valuation (Record no. 316099)
[ view plain ]
| 000 -LEADER | |
|---|---|
| fixed length control field | 00487nam a2200145Ia 4500 |
| 008 - FIXED-LENGTH DATA ELEMENTS--GENERAL INFORMATION | |
| fixed length control field | 170224s9999 xx 000 0 und d |
| 100 ## - MAIN ENTRY--PERSONAL NAME | |
| Personal name | Subhash Abhayawansa |
| 245 #4 - TITLE STATEMENT | |
| Title | The use of intellectual capital information by sell-side analysts in company valuation |
| 245 ## - TITLE STATEMENT | |
| Statement of responsibility, etc | Subhash Abhayawansa, Mark Aleksanyan & John Bahtsevanoglou |
| 260 ## - PUBLICATION, DISTRIBUTION, ETC. (IMPRINT) | |
| Name of publisher, distributor, etc | Accounting and Business Research |
| 260 ## - PUBLICATION, DISTRIBUTION, ETC. (IMPRINT) | |
| Date of publication, distribution, etc | 2015 |
| 300 ## - PHYSICAL DESCRIPTION | |
| Extent | 45:3, pages 279-306 |
| 650 ## - SUBJECT ADDED ENTRY--TOPICAL TERM | |
| General subdivision | Accountancy |
| 650 ## - SUBJECT ADDED ENTRY--TOPICAL TERM | |
| General subdivision | Accounting |
| Withdrawn status | Lost status | Damaged status | Home library | Current library | Date acquired | Total Checkouts | Date last seen | Price effective from | Koha item type |
|---|---|---|---|---|---|---|---|---|---|
| College Library | College Library | 02/24/2017 | 02/24/2017 | 02/24/2017 | Periodicals |